| 000 | 00859nas1a22002411i 4500 | ||
|---|---|---|---|
| 001 | RU\NLR\Per\613431 | ||
| 005 | 20240921120707.0 | ||
| 035 | _a(NLR Aleph) 002864074 | ||
| 090 |
_a3129898 _c3129898 |
||
| 100 | _a20090617a20099999|||y0rusy50 ca | ||
| 101 | 0 | _arus | |
| 102 | _aRU | ||
| 110 | _azu||||||||| | ||
| 200 | 1 |
_aТайны пола и сексуальности _eэзотерический альманах Александра Зараева |
|
| 207 | 0 | _aВып. 1 (2009) - | |
| 210 |
_a[Москва] _cПирамидион _d2009 - |
||
| 606 | 1 |
_aСексуальные отношения _jПериодические издания _xИстория _92302777 _3RU\NLR\AUTH\661378583 |
|
| 686 | 1 | _aС550.53я54 | |
| 702 | 1 |
_aЗараев _bА. В. _gАлександр _4570 |
|
| 852 |
_aNLR _jП23/7540 |
||
| 942 | _cSE | ||
| 980 | _aRUSPER | ||